000 00782nam a2200241Ia 4500
003 OSt
005 20220923214211.0
006 a|||||r|||| 00| 0
007 ta
008 220922b |||||||| |||| 00| 0 hin d
024 _a167,862
037 _cTextual
040 _aARTS
_cARTS
_bhin
041 _2hin
_ahin
082 _aO152,1L70,1, H0
100 _aमंछ, मंसाराम
245 0 _aरघुनाथ रूपक गीतांरो, संपा - महताबचंद
246 _aRaghunāth rūpak gītāanro, sanpā0 - hinatābachanda
260 _c1940
650 _aहिन्दी साहित्य
_9156264
942 _hO152,1L70,1, H0
_cTEXL
_2CC
999 _c322332
_d322332